000 00965cam a2200277 i 4500
001 32010
003 Mx-PuUPA
005 20231103082709.0
008 140415s1946 mx gr 000 0 spa d
040 _cMx-PuUPA
_aMx-PuUPA
_bspa
_dMx-PuUPA
_erda
041 0 _aspa
100 1 _aBravo Ugarte, José,
_d1898-1968
_95528
_eautor
245 1 0 _aCuestiones históricas guadalupanas /
_cJosé Bravo Ugarte S. J.
264 1 _aMéxico :
_bEditorial Jus,
_c1946
300 _a130 páginas ;
_c20 cm
336 _2rdacontent
_atexto
_btxt
337 _2rdamedia
_asin medio
_bn
338 _2rdacarrier
_avolumen
_bnc
600 0 4 _aVirgen de Guadalupe
_xApariciones y milagros México
600 0 4 _aNuestra Señora de Guadalupe
600 0 4 _aVirgen de Guadalupe
_xCulto
_zMéxico
650 7 _2armarc
_aBasílica de Santa María de Guadalupe (México)
_xHistoria
942 _2ddc
_cLI
_h232.917
_iB794
999 _c32010
_d32010